000 006240000a22002290004500
003 LK-CoMWRAF
005 20230908214955.0
008 230817t2000 ||||| |||| 00| 0 eng d
020 _a0333781554
040 _aLK-CoMWRAF
_dLK-CoMWRAF
_eLK-CoMWRAF
041 _aeng
082 _a822.33
_bWHI
100 _aWhitney, John
110 _aPacker, Tina
245 _aPower Plays :
_bShakespeare's lessons in leadership and Management
260 _aNew York :
_bSimon & Schuster,
_c2000
300 _a316p
650 _aWilliam Shakespeare
650 _aViews on leadership
700 _aNoble, Steve
_eills.
942 _cBK
999 _c722
_d722